|
|
|
|
| LEADER |
01190nam a2200265 a 4500 |
| 001 |
3505457 |
| 008 |
090803s1994 nyu 001 0aeng d |
| 010 |
|
|
|a 95018486
|
| 020 |
|
|
|a 1853260967
|
| 040 |
|
|
|a DLC
|c DLC
|d DLC
|
| 082 |
0 |
0 |
|a 828/.809
|a B
|2 20
|
| 100 |
1 |
|
|a De Quincey, Thomas,
|d 1785-1859.
|
| 245 |
1 |
0 |
|a Confessions of an English opium-eater /
|c Thomas De Quincey.
|
| 260 |
|
|
|a New York :
|b Dover, ;
|a Hertfordshire :
|b Wordsworth
|c 1994.
|
| 300 |
|
|
|a v, 210 p. ;
|c 21 cm.
|
| 500 |
|
|
|a "An unabridged, slightly corrected republication of the text ... as originally published in the London magazine, September and October, 1821;" with a new introduction and explanatory footnotes.
|
| 504 |
|
|
|a includes index.
|
| 541 |
1 |
|
|e 00015863
|
| 600 |
1 |
0 |
|a De Quincey, Thomas,
|d 1785-1859.
|
| 650 |
|
0 |
|a Drug addicts
|z Great Britain
|v Biography.
|
| 650 |
|
0 |
|a Authors, English
|y 19th century
|v Biography.
|
| 650 |
|
0 |
|a Opium abuse
|z England.
|
| 852 |
4 |
|
|a Ayesha Abed Library
|j General shelf
|
| 999 |
|
|
|c 3014
|d 3014
|
| 952 |
|
|
|0 0
|1 0
|2 ddc
|4 0
|6 828_000000000000000__809_DEQ
|7 0
|9 2729
|a BRACUL
|b BRACUL
|c GEN
|d 2009-08-18
|g 152.00
|l 9
|m 58
|o 828.809 DEQ
|p 3010015863
|r 2024-11-14
|s 2024-11-07
|t 1
|v 304.00
|w 2009-08-18
|y BK
|